[Event "Open A"]
[Site "?"]
[Date "2007.08.26"]
[Round "3.10"]
[White "Koys, Milan"]
[Black "Purnoch, Josef"]
[Result "1/2-1/2"]
[WhiteElo "2113"]
[BlackElo "2184"]
[PlyCount "108"]
[EventDate "2007.08.26"]
[SourceDate "2007.08.26"]

1. e4 c5 2. Ne2 d6 3. Nbc3 a6 4. g3 b5 5. Bg2 Bb7 6. O-O e6 7. a3 Nf6 8. d3 Qc7
9. f4 Be7 10. h3 Nc6 11. g4 h6 12. Ng3 Nd7 13. Nce2 Bh4 14. c3 Nb6 15. Be3 Ne7
16. f5 exf5 17. Nxf5 Nxf5 18. Rxf5 g6 19. Rf1 O-O-O 20. Qd2 d5 21. Bf4 Qe7 22.
e5 Rde8 23. d4 Nc4 24. Qc2 Bg5 25. Qc1 f6 26. Bxg5 fxg5 27. b3 Na5 28. Qc2 h5
29. Qxg6 hxg4 30. Rf7 Qe6 31. Qxe6+ Rxe6 32. hxg4 Nxb3 33. Raf1 Nd2 34. Rf8+
Rxf8 35. Rxf8+ Kd7 36. Ng3 cxd4 37. cxd4 Nc4 38. Nf5 Rb6 39. Ng7 Nxa3 40. e6+
Rxe6 41. Nxe6 Kxe6 42. Rb8 Bc6 43. Rb6 Kd6 44. Rxa6 Nc2 45. Kf2 Nxd4 46. Bf1
Kc5 47. Bd3 b4 48. Ra5+ Kb6 49. Ra6+ Kc5 50. Ra5+ Kb6 51. Ra6+ Kc5 52. Ra5+ Bb5
53. Ke3 b3 54. Ra8 Bc4 1/2-1/2

[Event "Open A"]
[Site "?"]
[Date "????.??.??"]
[Round "3.27"]
[White "Sirota, Sergej"]
[Black "Svitak, David"]
[Result "1-0"]
[WhiteElo "2009"]
[BlackElo "1769"]
[PlyCount "111"]
[EventDate "2007.08.26"]
[SourceDate "2007.08.26"]

1. d4 Nf6 2. c4 g6 3. Nc3 Bg7 4. e4 d6 5. f3 O-O 6. Be3 c6 7. Qd2 e5 8. Nge2
Nbd7 9. O-O-O Qc7 10. Kb1 a6 11. g4 b5 12. Ng3 exd4 13. Bxd4 Ne5 14. Be2 Be6
15. g5 Nfd7 16. f4 Nxc4 17. Bxc4 Bxc4 18. Bxg7 Kxg7 19. Qxd6 Qxd6 20. Rxd6 Nc5
21. Rxc6 Ne6 22. Nce2 Rfd8 23. b3 Bxe2 24. Nxe2 Rd2 25. Rc2 Rad8 26. h4 Nc5 27.
Ng3 Rxc2 28. Kxc2 Rd3 29. b4 Rxg3 30. bxc5 Kf8 31. Rd1 b4 32. Rd3 Rg2+ 33. Kb3
Re2 34. Rd4 a5 35. c6 Re3+ 36. Kc4 Rc3+ 37. Kb5 Ke7 38. Rc4 Kd8 39. Rd4+ Kc8
40. Rd7 b3 41. axb3 Rxb3+ 42. Kxa5 Rc3 43. Kb6 Rb3+ 44. Kc5 Rc3+ 45. Kd5 Rd3+
46. Ke5 Rc3 47. Rxf7 Rxc6 48. Rxh7 Kd8 49. f5 Ke8 50. Rg7 gxf5 51. exf5 Kf8 52.
f6 Rc4 53. h5 Rh4 54. h6 Rh5 55. Kf5 Ke8 56. Kg6 1-0

[Event "Open A"]
[Site "?"]
[Date "????.??.??"]
[Round "3.25"]
[White "Horyna, Josef"]
[Black "Misicko, Jan"]
[Result "0-1"]
[WhiteElo "1893"]
[BlackElo "2113"]
[PlyCount "107"]
[EventDate "2007.08.26"]
[SourceDate "2007.08.26"]

1. d4 Nf6 2. Nf3 c5 3. g3 cxd4 4. Nxd4 Nc6 5. Nxc6 bxc6 6. Bg2 g6 7. O-O Bg7 8.
e4 Qc7 9. Nc3 O-O 10. Bf4 d6 11. h3 Rb8 12. Rb1 Be6 13. a3 Nd7 14. Qd2 Ne5 15.
Bxe5 Bxe5 16. Kh2 Qa5 17. f4 Bg7 18. e5 dxe5 19. Bxc6 exf4 20. Qxf4 Bxc3 21.
bxc3 Rxb1 22. Rxb1 Qxc3 23. Be4 Qxa3 24. Qc7 Qe3 25. Bg2 Qd2 26. Rb8 Qd7 27.
Qxd7 Bxd7 28. Rb7 Rd8 29. Rxa7 Kf8 30. c4 Ke8 31. h4 Rc8 32. Bf1 Be6 33. Ra4
Kd7 34. Kg2 Kd6 35. Kf3 Bd7 36. Ra7 e5 37. Ke3 Rc7 38. Ra5 f5 39. Rd5+ Ke6 40.
Ra5 h6 41. Ra6+ Rc6 42. Ra7 g5 43. hxg5 hxg5 44. Ra8 Bc8 45. Be2 Kf6 46. Ra5
f4+ 47. gxf4 exf4+ 48. Ke4 Bb7 49. Kd3 Rd6+ 50. Kc3 f3 51. Bf1 Rd1 52. Bh3 f2
53. Rb5 Rh1 54. Rb6+ 0-1

[Event "Open A"]
[Site "?"]
[Date "????.??.??"]
[Round "3.19"]
[White "Havelka, Petr"]
[Black "Pospisil, Evzen"]
[Result "1/2-1/2"]
[WhiteElo "1979"]
[BlackElo "2127"]
[PlyCount "72"]
[EventDate "2007.08.26"]
[SourceDate "2007.08.26"]

1. d4 Nf6 2. c4 e6 3. Nc3 c5 4. e3 b6 5. Nf3 Bb7 6. Be2 Be7 7. O-O O-O 8. dxc5
bxc5 9. b3 d5 10. Bb2 Nbd7 11. h3 Nb6 12. Rc1 Rc8 13. Nb1 Rc7 14. Be5 Rd7 15.
cxd5 Nfxd5 16. Qc2 f6 17. Bc3 g6 18. Rfd1 Qa8 19. Nbd2 Kf7 20. Nc4 Rfd8 21. Na5
Nxc3 22. Qxc3 Rxd1+ 23. Rxd1 Rxd1+ 24. Bxd1 Be4 25. Nc4 Qd8 26. Be2 Bd5 27.
Nfd2 Nxc4 28. Nxc4 Qa8 29. Bf1 Qb7 30. Nb2 Qb4 31. Qxb4 cxb4 32. Bc4 Be4 33.
Bd3 Bc6 34. Nc4 Ke8 35. Kf1 Kd7 36. f3 e5 1/2-1/2

[Event "Open A"]
[Site "?"]
[Date "????.??.??"]
[Round "3.1"]
[White "Kozak, Milos"]
[Black "Hausner, Ivan"]
[Result "1/2-1/2"]
[WhiteElo "2213"]
[BlackElo "2393"]
[PlyCount "25"]

1. d4 d6 2. Nf3 Bg4 3. c4 Nd7 4. Nc3 e5 5. g3 Ngf6 6. Bg2 c6 7. O-O Be7 8. h3
Bh5 9. e4 O-O 10. Re1 Qa5 11. Qd2 Qb6 12. c5 Qc7 13. cxd6 1/2-1/2

[Event "Open A"]
[Site "?"]
[Date "????.??.??"]
[Round "3.12"]
[White "Srba, Milan"]
[Black "Marsalek, Lubos"]
[Result "1/2-1/2"]
[WhiteElo "2237"]
[BlackElo "2028"]
[PlyCount "67"]

1. e4 c5 2. Nf3 Nc6 3. d4 cxd4 4. Nxd4 Nf6 5. Nc3 d6 6. Bg5 e6 7. Qd2 Be7 8.
O-O-O Nxd4 9. Qxd4 O-O 10. f3 Qa5 11. h4 a6 12. Kb1 Rd8 13. g4 Bd7 14. Bd2 Qc5
15. Qxc5 dxc5 16. e5 Nd5 17. Nxd5 exd5 18. Ba5 Re8 19. Rxd5 Bc6 20. Rd3 Bd8 21.
Bxd8 Raxd8 22. Rxd8 Rxd8 23. Be2 Re8 24. Rd1 Rxe5 25. Rd8+ Re8 26. Rxe8+ Bxe8
27. Kc1 Kf8 28. Kd2 Ke7 29. Ke3 h6 30. f4 Kd6 31. Bf3 b6 32. c4 f6 33. Bd5 Bd7
34. Kf3 1/2-1/2

[Event "Open B"]
[Site "?"]
[Date "????.??.??"]
[Round "3.21"]
[White "Kaiser, Rudolf"]
[Black "Skacel, Jan"]
[Result "0-1"]
[WhiteElo "1948"]
[BlackElo "2103"]
[PlyCount "22"]

1. e4 e5 2. Nf3 Nc6 3. d4 exd4 4. c3 d3 5. Bxd3 d5 6. exd5 Qxd5 7. Qe2+ Be7 8.
h3 Nf6 9. Bc4 Qh5 10. Bf4 O-O 11. O-O Ne5 {Dale necitelne} 0-1

[Event "Open A"]
[Site "?"]
[Date "????.??.??"]
[Round "3.37"]
[White "Zlamal, Frantisek"]
[Black "Hampel, David"]
[Result "1-0"]
[WhiteElo "1868"]
[BlackElo "1822"]
[PlyCount "74"]

1. Nf3 Nf6 2. c4 g6 3. Nc3 Bg7 4. g3 O-O 5. Bg2 Nc6 6. O-O d6 7. h3 Bf5 8. d3
Re8 9. e4 Bd7 10. Nd5 e6 11. Nf4 e5 12. Nd5 Nxd5 13. cxd5 Ne7 14. Bg5 Qc8 15.
Kh2 h6 16. Be3 c6 17. Rc1 Qd8 18. Qd2 Kh7 19. dxc6 Bxc6 20. Qb4 Qd7 21. h4 d5
22. Ne1 f5 23. f3 b6 24. b3 Rf8 25. a4 Bb7 26. Bh3 Qd8 27. Qa3 dxe4 28. dxe4
fxe4 29. f4 Nf5 30. Bxf5 Rxf5 31. Ng2 Rf7 32. fxe5 Rxf1 33. Rxf1 Bxe5 34. Rf7+
Kg8 35. Rxb7 Bd6 36. Qb2 Qf8 37. Qd4 Rd8 1-0

[Event "Open A"]
[Site "?"]
[Date "????.??.??"]
[Round "3.22"]
[White "Schmalz, Michal"]
[Black "Skala, Jaromir"]
[Result "0-1"]
[WhiteElo "1797"]
[BlackElo "2075"]
[PlyCount "78"]

1. e4 e5 2. Nc3 Bc5 3. Bc4 c6 4. Qh5 Qf6 5. Qe2 b5 6. Bb3 a5 7. a4 b4 8. Nd1
Ne7 9. d3 O-O 10. Be3 Bxe3 11. Nxe3 Ng6 12. g3 d6 13. O-O-O Be6 14. Bxe6 Qxe6
15. b3 Nd7 16. Qg4 Qxg4 17. Nxg4 f5 18. exf5 Rxf5 19. Nh3 d5 20. Ne3 Rf6 21.
Rhf1 Raf8 22. f4 exf4 23. gxf4 Nxf4 24. Rxf4 Rxf4 25. Nxf4 Rxf4 26. Rf1 Rxf1+
27. Nxf1 Kf7 28. Kd2 Ke6 29. Ke3 c5 30. Nd2 Ne5 31. Kf4 Kf6 32. h4 g6 33. Nf1
h6 34. Ne3 Ke6 35. Kg3 Nc6 36. Kg4 Nd4 37. Kf4 Nf5 38. Ng2 Nxh4 39. Ne1 Nf5 0-1

[Event "Open A"]
[Site "?"]
[Date "????.??.??"]
[Round "3.5"]
[White "Vevera, Radek"]
[Black "Vrana, Jan"]
[Result "0-1"]
[WhiteElo "2069"]
[BlackElo "2271"]
[PlyCount "76"]

1. e4 e5 2. Nf3 Nf6 3. Nxe5 d6 4. Nf3 Nxe4 5. Nc3 Nxc3 6. dxc3 Be7 7. Bf4 Nc6
8. Qd2 Bg4 9. O-O-O Qd7 10. Bc4 Be6 11. Bd3 O-O-O 12. Rhe1 Bf6 13. Bb5 a6 14.
Be2 Na5 15. b3 Nc6 16. Nd4 Rde8 17. Bf3 Nd8 18. Kb1 Bg4 19. h3 Bxf3 20. Nxf3
Ne6 21. Be5 Qd8 22. Bxf6 Qxf6 23. Nd4 Nf4 24. Rxe8+ Rxe8 25. Re1 Rxe1+ 26. Qxe1
c5 27. Qe8+ Kc7 28. Ne2 Nxg2 29. Nc1 Nf4 30. h4 g6 31. Kb2 Nd5 32. Nd3 Nxc3 33.
Kc1 Nxa2+ 34. Kb1 Nb4 35. Nc1 Qxf2 36. Qe7+ Kc6 37. Qe4+ Kb6 38. c3 d5 0-1

[Event "Open A"]
[Site "?"]
[Date "????.??.??"]
[Round "3.4"]
[White "Vojta, Tomas"]
[Black "Drabek, Vojtech"]
[Result "0-1"]
[WhiteElo "2283"]
[BlackElo "2142"]
[PlyCount "82"]

1. e4 e5 2. d4 exd4 3. Qxd4 Nc6 4. Qe3 Bb4+ 5. Nc3 Nf6 6. Bd2 Qe7 7. O-O-O O-O
8. f3 Re8 9. Bc4 Ne5 10. Bb3 d6 11. Nh3 a5 12. a3 Bc5 13. Qe2 c6 14. Bg5 h6 15.
Bh4 Ng6 16. Bf2 b5 17. Bxc5 dxc5 18. Nb1 c4 19. Ba2 Be6 20. g4 Nd7 21. Rhg1 Nb6
22. f4 b4 23. Rg3 c3 24. Bxe6 cxb2+ 25. Kxb2 Qxe6 26. e5 Na4+ 27. Ka1 Rad8 28.
Rdd3 Qc4 29. f5 Rxd3 30. Qxd3 Nxe5 31. Qxc4 Nxc4 32. Nf4 Re1 33. Ka2 Rh1 34. h3
Rc1 35. Nd3 Nc3+ 36. Nxc3 Rxc2+ 37. Ka1 Rxc3 38. Rf3 c5 39. h4 Nd2 40. Re3 Kf8
41. g5 Rxa3+ 0-1

[Event "Open A"]
[Site "?"]
[Date "????.??.??"]
[Round "3.13"]
[White "Novak, Jindrich"]
[Black "Vanka, Miloslav"]
[Result "1/2-1/2"]
[WhiteElo "2024"]
[BlackElo "2194"]
[PlyCount "83"]

1. Nf3 f5 2. e4 fxe4 3. Ng5 Nf6 4. d3 e3 5. Bxe3 e5 6. Be2 Nc6 7. O-O d5 8. f4
exf4 9. Rxf4 Bd6 10. Rh4 Qe7 11. Qd2 Bf5 12. Nc3 d4 13. Rxd4 Nxd4 14. Bxd4
Bxh2+ 15. Kxh2 Qd6+ 16. Kh1 Qxd4 17. Rf1 Bg6 18. Ne6 Qe5 19. Nxg7+ Kd7 20. d4
Qe7 21. Qh6 Rhg8 22. Qh3+ Kd8 23. Ne6+ Ke8 24. d5 a6 25. Qf3 Nh5 26. Qh3 Nf6
27. Bc4 Ne4 28. Qe3 Nd6 29. Bd3 Bxd3 30. Qxd3 b6 31. Qh3 Rd8 32. Re1 Rd7 33.
Qh5+ Nf7 34. Nxc7+ Rxc7 35. Rxe7+ Rxe7 36. d6 Re1+ 37. Kh2 Rg6 38. d7+ Kxd7 39.
Qh3+ Kc7 40. Qd3 Nd6 41. Qxa6 Re5 42. Qd3 {dale necitelny} 1/2-1/2

[Event "Open A"]
[Site "?"]
[Date "????.??.??"]
[Round "3.18"]
[White "Fikr, Lukas"]
[Black "Koper, Stefan"]
[Result "0-1"]
[WhiteElo "2134"]
[BlackElo "2000"]
[PlyCount "86"]

1. Nf3 g6 2. d4 Bg7 3. g3 d5 4. Bg2 Nf6 5. O-O O-O 6. c4 c6 7. Nc3 Ne4 8. e3 e6
9. Nxe4 dxe4 10. Nd2 f5 11. b3 Na6 12. Ba3 Re8 13. f3 c5 14. fxe4 cxd4 15. e5
Bh6 16. e4 Qa5 17. Bc1 Be3+ 18. Kh1 Qxe5 19. Bb2 Qc5 20. a3 e5 21. exf5 gxf5
22. Qh5 Bd7 23. Bd5+ Kh8 24. Nf3 Bc6 25. b4 Qd6 26. Bxc6 bxc6 27. Qxf5 c5 28.
b5 Nc7 29. Rae1 Qe6 30. Qe4 Qxc4 31. Nxe5 Qd5 32. Rxe3 Rxe5 33. Qxd5 Rxd5 34.
Rf7 Nxb5 35. Ree7 Rh5 36. Kg2 Nd6 37. Rf6 Nc4 38. Bc1 Re5 39. Rb7 Ne3+ 40. Kf3
Kg8 41. a4 a5 42. Kf4 Rae8 43. h4 Nd5+ 0-1

[Event "Open A"]
[Site "?"]
[Date "????.??.??"]
[Round "3.20"]
[White "Krasnay, Peter"]
[Black "Lavrincik, Pavel"]
[Result "1-0"]
[WhiteElo "2123"]
[BlackElo "1993"]
[PlyCount "61"]

1. e4 d6 2. d4 Nf6 3. Nc3 e5 4. Nf3 Nbd7 5. Bc4 Be7 6. O-O c6 7. a4 a5 8. Qe2
O-O 9. Rd1 Qc7 10. Bb3 exd4 11. Nxd4 Nc5 12. Bf4 Nxb3 13. Nxb3 Ng4 14. h3 Ne5
15. Nd4 f5 16. Bxe5 dxe5 17. Nxf5 Bxf5 18. exf5 Rxf5 19. Qc4+ Kh8 20. Nd5 Qd8
21. Ne3 Qf8 22. Nxf5 Qxf5 23. Qd3 e4 24. Qd7 Qf6 25. Qd4 Qf5 26. Re1 Rf8 27.
Re2 Bc5 28. Qxe4 Bxf2+ 29. Kh1 Qc5 30. Rf1 h5 31. Qe7 1-0

[Event "Open A"]
[Site "?"]
[Date "????.??.??"]
[Round "3.8"]
[White "Pokorny, Milan"]
[Black "Fojtu, Petr"]
[Result "0-1"]
[WhiteElo "2198"]
[BlackElo "2132"]
[PlyCount "66"]

1. e4 c5 2. Nf3 d6 3. d4 cxd4 4. Nxd4 Nf6 5. Nc3 e6 6. Be2 a6 7. Be3 Be7 8. O-O
O-O 9. a4 Nc6 10. f4 Qc7 11. Kh1 Re8 12. Bg1 Bf8 13. Nb3 b6 14. g4 Bb7 15. Bf3
Nd7 16. Bg2 Nc5 17. Qe1 Rad8 18. Nd2 Nb4 19. Rc1 d5 20. Bxc5 bxc5 21. e5 d4 22.
Nce4 c4 23. Qh4 Nd5 24. Rf3 Ne3 25. Rg1 Nxg2 26. Rxg2 c3 27. bxc3 dxc3 28. Ng5
h6 29. Nde4 hxg5 30. Nxg5 Rd1+ 31. Rg1 Bxf3+ 32. Nxf3 Rxg1+ 33. Kxg1 Be7 0-1

[Event "Open A"]
[Site "?"]
[Date "2007.08.26"]
[Round "3.30"]
[White "Lexa, Vaclav"]
[Black "Zamrazil, Jan"]
[Result "1-0"]
[WhiteElo "1937"]
[BlackElo "1987"]
[PlyCount "61"]
[EventDate "2007.08.26"]
[SourceDate "2007.08.26"]

1. d4 Nf6 2. c4 g6 3. Nc3 Bg7 4. e4 d6 5. Nf3 O-O 6. Be2 Nbd7 7. b4 e5 8. d5 c5
9. dxc6 bxc6 10. Qxd6 Qb6 11. a3 Rd8 12. Be3 Qb7 13. Qd3 Qc7 14. Rd1 Ne8 15.
Bc5 Bf8 16. Bxf8 Kxf8 17. O-O Bb7 18. Qe3 Kg8 19. c5 a5 20. Qh6 Ba6 21. Bxa6
Rxa6 22. Rd3 Raa8 23. Rfd1 f6 24. Qd2 Ra7 25. b5 Rb7 26. b6 Qc8 27. Qa2+ Kg7
28. Na4 Kf8 29. Nb2 Ng7 30. Nc4 Qa8 31. Ncxe5 1-0

[Event "Open A"]
[Site "?"]
[Date "2007.08.26"]
[Round "3.2"]
[White "Sodoma, Jan"]
[Black "Ptak, Pavel"]
[Result "1-0"]
[WhiteElo "2334"]
[BlackElo "2162"]
[PlyCount "91"]
[EventDate "2007.08.26"]
[SourceDate "2007.08.26"]

1. e4 g6 2. d4 Bg7 3. c4 d6 4. Nc3 f5 5. exf5 Bxf5 6. Nf3 Nh6 7. Be2 O-O 8. O-O
Na6 9. b3 c5 10. Bb2 Bg4 11. h3 Bd7 12. Ne4 Nf5 13. Qd2 Bh6 14. Qc2 Nb4 15. Qb1
cxd4 16. Nxd4 Nh4 17. a3 Nc6 18. Nxc6 Bxc6 19. Qd3 Rf4 20. f3 Rf7 21. Bd4 Qf8
22. b4 Nf5 23. Bf2 Rd8 24. b5 Bd7 25. Bxa7 Ng7 26. Bb6 Ra8 27. Be3 Ne6 28. g3
Qg7 29. f4 Qh8 30. Bg4 Bg7 31. Ra2 Ra4 32. Kh2 h5 33. Bd1 Ra8 34. h4 Bd4 35.
Ng5 Bxe3 36. Nxf7 Kxf7 37. Qxe3 Qf6 38. a4 Rc8 39. Be2 Rc5 40. a5 Nd4 41. Bd3
Nf5 42. Bxf5 Qxf5 43. Re1 e5 44. fxe5 Rxe5 45. Rf2 Rxe3 46. Rxf5+ 1-0

[Event "Open A"]
[Site "?"]
[Date "2007.08.26"]
[Round "3.15"]
[White "Postupa, Pavel"]
[Black "Fojtu, Jan"]
[Result "1/2-1/2"]
[WhiteElo "2146"]
[BlackElo "2019"]
[PlyCount "98"]
[EventDate "2007.08.26"]
[SourceDate "2007.08.26"]

1. e4 c5 2. Nf3 Nc6 3. d4 cxd4 4. Nxd4 Nf6 5. Nc3 e5 6. Ndb5 d6 7. Bg5 a6 8.
Na3 b5 9. Bxf6 gxf6 10. Nd5 Bg7 11. c3 f5 12. exf5 Bxf5 13. Nc2 O-O 14. Nce3
Be6 15. Bd3 f5 16. O-O e4 17. Nf4 Bf7 18. Bc2 Be5 19. g3 Qg5 20. Neg2 b4 21.
Bb3 bxc3 22. bxc3 Qf6 23. Rc1 Rac8 24. Bd5 Ne7 25. c4 Rc5 26. Qb3 Rfc8 27. Rcd1
Nxd5 28. Nxd5 Qd8 29. Nge3 Rb8 30. Qc2 Qg5 31. f4 exf3 32. Qxf5 Qxf5 33. Ne7+
Kh8 34. N7xf5 Bxc4 35. Nxc4 Rxc4 36. Rxf3 Rc6 37. Rf2 Rf8 38. Kg2 Rb6 39. Rdd2
Rb4 40. Nxd6 Bxd6 41. Rxd6 Rxf2+ 42. Kxf2 Rb2+ 43. Kf3 Rxa2 44. h4 Kg7 45. Rd4
Kg6 46. Rd6+ Kg7 47. Kg4 Ra4+ 48. Kf5 Ra5+ 49. Ke6 Ra4 1/2-1/2

[Event "Open A"]
[Site "?"]
[Date "2007.08.26"]
[Round "3.14"]
[White "Moravec, Vit"]
[Black "Herejk, Petr"]
[Result "0-1"]
[WhiteElo "2020"]
[BlackElo "2178"]
[PlyCount "90"]
[EventDate "2007.08.26"]
[SourceDate "2007.08.26"]

1. e4 c5 2. Nf3 d6 3. Bb5+ Nd7 4. O-O Ngf6 5. Re1 a6 6. Bf1 e6 7. c3 Ne5 8. d4
Nxf3+ 9. Qxf3 Be7 10. Qg3 g6 11. Nd2 O-O 12. f4 cxd4 13. cxd4 Qb6 14. Nb3 Bd7
15. Bd2 a5 16. Bc3 d5 17. exd5 Nxd5 18. Bd3 Bd6 19. Bd2 Bc6 20. h4 a4 21. Nc5
Qxb2 22. Ne4 Qxd4+ 23. Kh1 Be7 24. h5 Rad8 25. Rad1 Qg7 26. Bc2 Qh6 27. Kg1
Qxh5 28. Nf2 Qh4 29. Qxh4 Bxh4 30. Ba5 b6 31. Bd2 Bg3 32. Re4 b5 33. Nh3 h6 34.
Re2 Bh4 35. f5 exf5 36. Bxh6 Rfe8 37. Rxe8+ Rxe8 38. Kh2 Kh7 39. Bc1 Bf6 40.
Ng5+ Kg7 41. Nf3 Ne3 42. Bxe3 Rxe3 43. Kg1 Re7 44. Bb1 b4 45. Rd6 Bxf3 0-1

[Event "Open A"]
[Site "?"]
[Date "2007.08.26"]
[Round "3.17"]
[White "Vanecek, Stanislav"]
[Black "Keller, Daniel"]
[Result "0-1"]
[WhiteElo "2002"]
[BlackElo "2139"]
[PlyCount "84"]
[EventDate "2007.08.26"]
[SourceDate "2007.08.26"]

1. c4 d6 2. d4 e5 3. dxe5 dxe5 4. Qxd8+ Kxd8 5. Nc3 c6 6. Nf3 f6 7. e4 Be6 8.
Be3 Nd7 9. O-O-O Kc7 10. Be2 g6 11. Rd2 Bh6 12. Bxh6 Nxh6 13. Rhd1 Nf7 14. h3
Rad8 15. b3 a5 16. Kb2 Nc5 17. Ne1 Ng5 18. Rxd8 Rxd8 19. Rxd8 Kxd8 20. f3 Bd7
21. Bf1 Nge6 22. Ne2 g5 23. Kc3 h5 24. g4 h4 25. Nd3 Kc7 26. Nxc5 Nxc5 27. a3
b5 28. Nc1 Ne6 29. cxb5 cxb5 30. Ne2 Nc5 31. Nc1 Kb6 32. b4 Na4+ 33. Kc2 Be6
34. Bd3 Ka6 35. Ne2 Nb6 36. Kc3 a4 37. Ng1 Bc4 38. Bc2 Bf1 39. Kb2 Nc4+ 40. Ka2
Ne3 41. Bb1 Nd1 42. Ka1 Nf2 0-1

[Event "Open A"]
[Site "?"]
[Date "2007.08.27"]
[Round "4.25"]
[White "Innemann, Frantisek"]
[Black "Matejovsky, Ondrej"]
[Result "1/2-1/2"]
[WhiteElo "1903"]
[BlackElo "2088"]
[PlyCount "27"]
[EventDate "2007.08.27"]
[SourceDate "2007.08.27"]

1. e4 c5 2. f4 d5 3. exd5 Qxd5 4. Nc3 Qd8 5. Nf3 Nc6 6. Be2 Nf6 7. O-O e6 8.
Kh1 Be7 9. d3 O-O 10. Ne5 Nd4 11. Bf3 Nxf3 12. Qxf3 Nd5 13. Ne4 Qc7 14. Bd2
1/2-1/2

[Event "Open A"]
[Site "?"]
[Date "2007.08.27"]
[Round "4.36"]
[White "Rerabkova, Lucie"]
[Black "Rutter, Lidmila"]
[Result "0-1"]
[WhiteElo "1946"]
[BlackElo "1686"]
[PlyCount "30"]
[EventDate "2007.08.27"]
[SourceDate "2007.08.27"]

1. e4 e5 2. Nf3 Nc6 3. Bc4 Bc5 4. c3 Nf6 5. d4 exd4 6. O-O d5 7. exd5 Nxd5 8.
Re1+ Be6 9. Ng5 O-O 10. Nxe6 fxe6 11. Rxe6 Kh8 12. Qh5 dxc3 13. Qxd5 Bxf2+ 14.
Kh1 Qxd5 15. Bxd5 Bd4 0-1

[Event "Open A"]
[Site "?"]
[Date "2007.08.27"]
[Round "4.4"]
[White "Fojtu, Petr"]
[Black "Kozak, Milos"]
[Result "1/2-1/2"]
[WhiteElo "2121"]
[BlackElo "2213"]
[PlyCount "26"]
[EventDate "2007.08.27"]
[SourceDate "2007.08.27"]

1. d4 Nf6 2. c4 e6 3. Nc3 Bb4 4. a3 Bxc3+ 5. bxc3 c5 6. e3 O-O 7. Bd3 Nc6 8.
Ne2 b6 9. e4 Ne8 10. O-O Ba6 11. f4 f5 12. Ng3 g6 13. Be3 Nd6 1/2-1/2

[Event "Open A"]
[Site "?"]
[Date "2007.08.27"]
[Round "4.7"]
[White "Blumel, Otto"]
[Black "Skala, Jaromir"]
[Result "1/2-1/2"]
[WhiteElo "2234"]
[BlackElo "2075"]
[PlyCount "42"]
[EventDate "2007.08.27"]
[SourceDate "2007.08.27"]

1. e4 e5 2. Nf3 Nc6 3. Bc4 Nf6 4. Ng5 d5 5. exd5 Na5 6. Bb5+ Bd7 7. Qe2 Be7 8.
b4 Bxb4 9. Qxe5+ Qe7 10. Bxd7+ Nxd7 11. Qxe7+ Bxe7 12. Ne4 Nf6 13. Nbc3 Nxe4
14. Nxe4 O-O-O 15. d6 Bxd6 16. Nxd6+ Rxd6 17. d3 Rhd8 18. Be3 Nc6 19. Rb1 Nd4
20. Kd2 Nf5 21. Rb4 Nxe3 1/2-1/2

[Event "Open A"]
[Site "?"]
[Date "2007.08.27"]
[Round "4.1"]
[White "Drabek, Vojtech"]
[Black "Sodoma, Jan"]
[Result "0-1"]
[WhiteElo "2142"]
[BlackElo "2334"]
[PlyCount "52"]
[EventDate "2007.08.27"]
[SourceDate "2007.08.27"]

1. e4 e5 2. Nf3 Nc6 3. d4 exd4 4. Nxd4 Bc5 5. Be3 Qf6 6. c3 Nge7 7. Bc4 Ne5 8.
Be2 Qg6 9. O-O d5 10. exd5 Nxd5 11. Nb5 Nxe3 12. Nxc7+ Ke7 13. fxe3 Rd8 14.
Nd5+ Kf8 15. Kh1 Bh3 16. Bf3 Nxf3 17. Qxf3 Bxg2+ 18. Qxg2 Qxg2+ 19. Kxg2 Rxd5
20. e4 Rg5+ 21. Kf3 Rd8 22. b4 Bb6 23. Kf4 f6 24. Na3 Rd3 25. e5 Rxc3 26. exf6
gxf6 0-1

[Event "Open A"]
[Site "?"]
[Date "2007.08.27"]
[Round "4.29"]
[White "Sochorova, Jana"]
[Black "Hoskovec, Josef"]
[Result "1/2-1/2"]
[WhiteElo "1882"]
[BlackElo "1988"]
[PlyCount "52"]
[EventDate "2007.08.27"]
[SourceDate "2007.08.27"]

1. Nf3 g6 2. d4 f5 3. c4 Nf6 4. Nc3 Bg7 5. g3 O-O 6. Bg2 d6 7. O-O Nc6 8. Re1
e5 9. d5 Ne7 10. e4 fxe4 11. Nxe4 Nxe4 12. Rxe4 Bf5 13. Re1 Qd7 14. Ng5 h6 15.
Ne4 Rf7 16. Be3 Raf8 17. Qb3 b6 18. Rad1 Bg4 19. Rd2 Bf3 20. Qd3 Bxg2 21. Kxg2
Rf3 22. Rde2 Nf5 23. Nd2 Nxe3+ 24. fxe3 R3f6 25. Ne4 R6f7 26. Rf2 Rxf2+ 1/2-1/2

[Event "Open A"]
[Site "?"]
[Date "2007.08.27"]
[Round "4.18"]
[White "Prochazka, Petr"]
[Black "Lizner, Milan"]
[Result "0-1"]
[WhiteElo "1985"]
[BlackElo "2140"]
[PlyCount "60"]
[EventDate "2007.08.27"]
[SourceDate "2007.08.27"]

1. e4 c5 2. Nf3 Nc6 3. d4 cxd4 4. Nxd4 e5 5. Nf3 Nf6 6. Nc3 Bb4 7. Bd3 h6 8.
O-O Bxc3 9. bxc3 O-O 10. Ba3 Re8 11. Bd6 Qa5 12. Qd2 Re6 13. Bb4 Nxb4 14. cxb4
Qc7 15. c4 d6 16. Ne1 Nh5 17. Nc2 Qe7 18. Rfe1 Rg6 19. Kh1 Nf4 20. Rg1 Qh4 21.
Ne1 Nxd3 22. Nxd3 Qxe4 23. Rac1 Bf5 24. Rc3 Rc8 25. f3 Qd4 26. Rgc1 e4 27. Qf4
Rf6 28. Nb2 Bg6 29. Qg4 Re8 30. fxe4 Bxe4 0-1

[Event "Open A"]
[Site "?"]
[Date "2007.08.27"]
[Round "4.17"]
[White "Rmoutil, Martin"]
[Black "Postupa, Pavel"]
[Result "1-0"]
[WhiteElo "2016"]
[BlackElo "2146"]
[Annotator "Øeøábek,Jaroslav"]
[PlyCount "67"]
[EventDate "2007.08.27"]
[SourceDate "2007.08.27"]

1. e4 c5 2. Nf3 d6 3. d4 cxd4 4. Nxd4 Nf6 5. Nc3 a6 6. Bc4 e6 7. Bb3 Nbd7 8. f4
Nc5 9. O-O Nxb3 10. axb3 Qc7 11. Kh1 Be7 12. g4 O-O 13. g5 Ne8 14. f5 exf5 15.
exf5 b5 16. Qg4 Bb7+ 17. Kg1 Qd7 18. h4 Rc8 19. h5 Rc5 20. Be3 Rc8 21. Qg3 Bd8
22. h6 Bb6 23. g6 fxg6 24. fxg6 Nf6 25. hxg7 Qxg7 26. gxh7+ Kxh7 27. Qxg7+ Kxg7
28. Nf5+ Kh7 29. Bxb6 Rg8+ 30. Kh2 Rg2+ 31. Kh3 Rcg8 32. Rg1 Rxg1 33. Rxg1 Rxg1
34. Bxg1 {dale necitelne} 1-0

[Event "Open A"]
[Site "?"]
[Date "2007.08.27"]
[Round "4.6"]
[White "Skacel, Jan"]
[Black "Vojta, Tomas"]
[Result "0-1"]
[WhiteElo "2103"]
[BlackElo "2283"]
[Annotator "Øeøábek,Jaroslav"]
[PlyCount "60"]
[EventDate "2007.08.27"]
[SourceDate "2007.08.27"]

1. c4 e5 2. Nc3 Nf6 3. e3 Bb4 4. Qc2 O-O 5. d3 Re8 6. Bd2 c6 7. a3 Bf8 8. Nf3
d5 9. d4 exd4 10. Nxd4 dxc4 11. Be2 Bc5 12. Nf3 b5 13. O-O a6 14. e4 Bg4 15.
Bg5 Bxf3 16. Bxf3 Nbd7 17. Ne2 h6 18. Bf4 Ne5 19. Rad1 Qb6 20. h3 Nd3 21. Rxd3
cxd3 22. Qxd3 Rad8 23. Qc2 Bf8 24. b4 Nd7 25. Be3 Qc7 26. Rc1 Nb8 27. Nf4 a5
28. Qb2 axb4 29. axb4 Na6 30. g3 Nxb4 {dale necitelne!} 0-1

[Event "Open A"]
[Site "?"]
[Date "2007.08.27"]
[Round "4.5"]
[White "Studnicka, Tomas"]
[Black "Kubikova, Hana"]
[Result "1-0"]
[WhiteElo "2307"]
[BlackElo "2187"]
[Annotator "Øeøábek,Jaroslav"]
[PlyCount "32"]
[EventDate "2007.08.27"]
[SourceDate "2007.08.27"]

1. d4 d6 2. c4 Nf6 3. Nc3 Nbd7 4. e4 e5 5. d5 Nc5 6. f3 a5 7. Be3 Be7 8. Nge2
Bd7 9. Qd2 b6 10. g3 O-O 11. g4 Ne8 12. O-O-O a4 13. Ng3 h6 14. Nb1 Bg5 15. Bd3
Bxe3 16. Qxe3 Qg5 {Dale necitelne} 1-0

[Event "Open A"]
[Site "?"]
[Date "2007.08.27"]
[Round "4.13"]
[White "Koper, Stefan"]
[Black "Krasnay, Peter"]
[Result "1-0"]
[WhiteElo "2000"]
[BlackElo "2123"]
[PlyCount "94"]
[EventDate "2007.08.27"]
[SourceDate "2007.08.27"]

1. d4 d5 2. c4 c6 3. cxd5 cxd5 4. Nc3 e5 5. e3 e4 6. Bb5+ Nc6 7. Nge2 Nf6 8.
Nf4 Be6 9. Nxe6 fxe6 10. Bd2 Bd6 11. Bxc6+ bxc6 12. Na4 O-O 13. Rc1 Qe8 14. O-O
Qg6 15. h3 Rac8 16. Nc5 e5 17. b4 exd4 18. exd4 h5 19. Be3 Nh7 20. Kh1 Rf5 21.
Qb3 Ng5 22. Rg1 Qf7 23. h4 Nh7 24. b5 Nf6 25. bxc6 Ng4 26. Rc2 Rxf2 27. Rxf2
Qxf2 28. Qxd5+ Qf7 29. Qxd6 Nxe3 30. Qd7 Qxd7 31. cxd7 Rd8 32. Re1 Ng4 33. Kg1
e3 34. Kf1 Kf7 35. Ke2 Ke7 36. Rb1 a5 37. Rb6 Kf7 38. a4 Nf6 39. Rb5 Nd5 40.
Rxa5 Ke7 41. Ra6 Nb4 42. Re6+ Kf7 43. Rxe3 Nd5 44. Re5 Nf4+ 45. Kf3 Ng6 46.
Rxh5 Kf6 47. g3 Ne7 1-0